Le M'Zab, une leçon d'architecture /

محفوظ في:

المؤلف الرئيسي: Ravéreau, André, 1919- (مؤلف)

مؤلفون آخرون: Fathy, Hassan., Roche, Manuelle.

التنسيق: كتاب

اللغة: French

منشور في: Arles : Sindbad : Actes Sud, 2003.

الطبعة: [Nouv. éd.]

سلاسل: La Bibliothèque arabe. Collection Hommes et sociétés.

الموضوعات:

الوسوم: إضافة وسم

لا توجد وسوم, كن أول من يضع وسما على هذه التسجيلة!

رقم الطلب: NA2543 .S6 R25 2003

LEADER 01036namaa2200301 4500
001 25323
003 OSt
005 20250907084216.0
008 130303s2003 fr a 000 0 fre d
020 |a 2742742700 
040 |c ARCE Library 
043 |a f-ae--- 
050 4 |a NA2543 .S6 R25 2003 
100 1 |a Ravéreau, André,   |d 1919-   |e author  |9 38226 
245 1 3 |a Le M'Zab, une leçon d'architecture /   |c André Ravéreau ; préf. de Hassan Fathy & photogr. de Manuelle Roche. 
250 |a [Nouv. éd.] 
264 1 |a Arles :   |b Sindbad :   |b Actes Sud,   |c 2003. 
300 |a 221 pages :   |b illustrations ;   |c 28 cm. 
490 1 |a La Bibliothèque arabe. Collection Hommes et sociétés. 
650 0 |a Building, Clay  |z Algeria  |z Mzab. 
650 0 |a Vernacular architecture  |z Algeria  |z Mzab. 
651 0 |a Mzab (Algeria)   |x Pictorial works. 
700 1 |a Fathy, Hassan.  |9 29875 
700 1 |a Roche, Manuelle. 
830 0 |a La Bibliothèque arabe.   |p Collection Hommes et sociétés. 
901 |a reviewed 
942 |c BK  |2 lcc 
999 |c 23754  |d 23754